000 00760nam a2200205Ii 4500
003 JO-AjNU
008 230605s9999||||xx |||||||||||||| ||und||
040 _aJO-AjNU
_bara
_erda
_cJO-AjNU
041 _aara
050 1 4 _aBP173.759.S2672 2001
100 3 _aسانو، قطب مصطفى,
_eauthor
_930692
245 0 0 _aالمدخرات : أحكامها وطرق تكوينها واستثمارها في الفقه الإسلامي
250 _aط1
264 3 1 _aعمان: دار النفائس للنشر والتوزيع، 2001
300 _a406ص
336 _atext
_btxt
_2rdacontent
337 _aunmediated
_bn
_2rdamedia
338 _avolume
_bnc
_2rdacarrier
650 4 _aالادخار- الاقتصاد الاسلامي- الاستثمار
_930693
999 _aA12197
_c15765
_d15765